Thơ ngụ ngôn La Fontaine Fables De La Fontaine T.1

Gorde:
Xehetasun bibliografikoak
Egile nagusia: Nguyễn Trinh Vực
Formatua: Liburua
Argitaratua: H. Giáo Dục 1998
Edizioa:Tái bản lần thứ 1
Gaiak:
Etiketak: Etiketa erantsi
Etiketarik gabe, Izan zaitez lehena erregistro honi etiketa jartzen!
Thư viện lưu trữ: Trung tâm Học liệu Lê Vũ Hùng, Trường Đại học Đồng Tháp
LEADER 00850pam a22002418a 4500
001 00021910
005 20171026081023.0
008 110526s1998 ||||||Viesd
041 0 # |a Vie-Eng 
082 1 # |a 841  |b TH460NG 
100 0 # |a Nguyễn Trinh Vực 
245 0 0 |a Thơ ngụ ngôn La Fontaine  |b Fables De La Fontaine  |c Nguyễn Trinh Vực  |n T.1 
250 # # |a Tái bản lần thứ 1 
260 # # |a H.  |b Giáo Dục  |c 1998 
300 # # |a 128 tr.  |c 27 cm. 
650 |a Pháp 
650 |a Văn học hiện đại 
653 # # |a Thơ ngụ ngôn 
852 # # |b Kho mượn  |j KM.0009258, KM.0011658, KM.0011659 
852 # # |b Kho đọc  |j KD.0007447 
852 # # |j KM.0011659  |j KM.0009258  |j KD.0007447  |j KM.0011658 
910 # # |a kìm  |d 26/05/2011 
980 # # |a Trung tâm Học liệu Lê Vũ Hùng, Trường Đại học Đồng Tháp